| 000 | 00859nam a22002417a 4500 | ||
|---|---|---|---|
| 003 | OSt | ||
| 005 | 20240305140451.0 | ||
| 008 | 100322s2016 dr 000 0 spa d | ||
| 040 |
_aDO-SdBNP _bspa _cBNPHU |
||
| 082 | 4 |
_aRD863.5 _bE56r _222 |
|
| 100 | 1 |
_aEncarnación, Eligio Ant. _937920 _d1952- |
|
| 245 | 1 | 0 |
_aRelatos de parafilias / _cEligio Ant. Encarnación ; prólogo Wilfredo Mora |
| 260 |
_aSanto Domingo : _bComputhen, _c2016. |
||
| 300 |
_a124 p. : _c21 cm. |
||
| 500 | _aIncluye datos biográficos del autor en la contraportada. | ||
| 590 | _aInventariado, 2021/ YL | ||
| 590 | _aLa biblioteca posee un (1) ejemplar autografiado por el autor. | ||
| 650 | 4 | _aCuentos dominicanos | |
| 650 | 4 | _aLiteratura dominicana | |
| 700 | 1 | 2 |
_aMora, Wilfredo, _d1965- _epról. _912701 |
| 910 | _aYLOCKWARD/Validado. Control de calidad MFF | ||
| 942 |
_2ddc _cLBS1 |
||
| 999 |
_c49689 _d49689 |
||